000 01204nam a2200289 c 4500
999 _c341661
_d341661
003 BLK
005 20221013141418.0
008 180911b bul|||||r ||||||| ||bul||
010 _a001291
040 _aBLK
041 _aBUL
_cBUL
080 _aНатанаил, митрополит
_x929
_z949.7(092)+929
100 1 _aКирил, патриарх български
_9398283
245 0 0 _aНатанаил, митрополит Охридски и Пловдивски
_b1820 - 1906
260 _aСофия
_c1952
_fДърж.книгопеч.предпр. Дечо Стефанов
300 _a602 с., 1 л
_bпортр.
_c23 см
380 _a9
490 _aЧастна колекция - Академик Михаил Арнаудов
_gДарение - Основен фонд
500 _aАвтограф с текст: На моя добър приятел проф. М. Арнаудов с особено уважение + Пловдивски Кирил 16. VI. 52 София
650 4 _aРелигии
_9169205
650 _aБиографии
_9148657
655 _aбългарска история
_9396199
700 1 _aПловдивски Кирил
_9399295
852 _aМА 2868
_bМА
942 _cKNG
_n0
_s1
944 _aCR
_c1994
999 _d341661
999 _d341661